000 02772cam a22004574i 4500
003 PE-LiUPU
005 20250731165423.0
008 160118s2014 pe a grm 000 0 spa d
035 _a(Sirsi) a155782
040 _aPE-LiUPU
_bspa
_cPE-LiUPU
_erda
099 _aTEF 2
_bB16 2014
100 1 _aBailón Reyes, Alexis José
_eautor
245 1 _aFactores de riesgo y nivel de conocimientos de las enfermedades cardiovasculares en los adolescentes de tercero y cuarto año de secundaria del Colegio Particular Adventista Unión y Colegio Estatal Manuel Gonzales Prada, marzo-diciembre 2013 /
_cAlexis José Bailón Reyes.
264 0 _c2014.
300 _a87 hojas :
_bilustraciones;
_c30 cm
336 _atext
_2rdacontent
337 _aunmediated
_2rdamedia
338 _avolume
_2rdacarrier
502 _aTesis
_b(Lic.) --
_cUniversidad Peruana Unión,
_d2014.
504 _aIncluye referencias
520 3 _aEl estudio fue de diseño no experimental, de tipo cuantitativo descriptivo, de enfoque transversal. Se utilizó el muestreo probabilístico estratificado, obteniendo la muestra de 283 estudiantes de ambas instituciones educativas. Los instrumentos empleados fueron 2, la primera para identificar los factores de riesgo y la segunda para identificar el nivel de conocimiento. El resultado se encontró en el colegio MGP 37.6% veces practican actividad física moderada y un 24.3% nunca práctica, en el Colegio Unión el 50% a veces y 9,2% nunca. Un 45% de los adolescentes a veces controlan su estrés, respecto a los hábitos alimenticios una vez por semana consumen comidas rápidas (42.4%, 46.2%), alimentos con preservantes (56.9%), carnes rojas (45%, 43.1%), golosinas (47.2%, 47.7%), bebidas estimulantes (39.9%, 35.4%), casi nunca limitan el consumo de grasas (62.9%, 50.8%), el 30% añade sal a sus comidas y de un 13 a 15 % de adolescentes una vez por semana consumen bebidas alcohólicas, el consumo de agua y alimentos con fuentes de proteínas es adecuado. Con respecto a IMC, PA;FC no se encontró riesgo, en un 90% es normal. En relación al nivel de conocimientos aproximadamente un 50% tiene un nivel de conocimiento medio y un 38% conocimiento bajo.
526 _aSEG44
526 _aSEG26
526 _aP151
526 _aP150
526 _aP149
526 _aP146
526 _aP145
526 _aP126
526 _aP125
526 _aP92
526 _aP75
526 _aP74
526 _aP27
526 _aP15
650 0 4 _aEnfermedades cardiácas
_x
700 1 _aQuispe Rosales, Alexis Lola
_eautor
596 _a1
942 _2ddc
_cTESIS
999 _aTEF 2 B16 2014
_wALPHANUM
_c8456
_iT01549
_lCCODEBUL3
_mBUL
_r1
_sY
_tTESIS
_u2016-1-18
_xSALUD
_PP22
_o.STAFF. Tesis
_d8456
980 _81
_gALBERTO SANCHEZ Responsable de Automatización